Movies Quiz

Random Movies or Actor Quiz

'90s Movies by Cast Quiz Stats

Quiz Updated Dec 10, 2011

Also try: TV by First Names
Challenge
Share
Tweet
Embed
Score 0/30 Timer 06:00
8 Plays Today
Cast 1990s Movie % Correct
Tom Hanks, Robin Wright, Gary Sinise, Sally FieldForrest Gump
90.8%
Bruce Willis, Haley Joel Osment, Toni Collette, Olivia WilliamsThe Sixth Sense
86.1%
Jason Biggs, Chris Klein, Tara Reid, Natasha LyonneAmerican Pie
81.1%
Brad Pitt, Morgan Freeman, Gwyneth Paltrow, Kevin SpaceySe7en
77%
Kevin Spacey, Annette Bening, Thora Birch, Wes BentleyAmerican Beauty
73.1%
Tom Hanks, Kevin Bacon, Bill Paxton, Ed HarrisApollo 13
67.8%
Tom Hanks, Geena Davis, Madonna, Rosie O'DonnellA League of Their Own
65.1%
Adam Sandler, Christopher McDonald, Julie Bowen, Carl WeathersHappy Gilmore
61.3%
Joe Pesci, Marisa Tomei, Ralph Macchio, Mitchell WhitfieldMy Cousin Vinny
60.7%
Brad Pitt, Edward Norton, Helena Bonham Carter, Jared LetoFight Club
57.8%
Tom Hanks, Tom Sizemore, Edward Burns, Matt DamonSaving Private Ryan
50.2%
Robin Williams, Nathan Lane, Gene Hackman, Dianne WiestThe Birdcage
48.8%
Gwyneth Paltrow, Joseph Fiennes, Colin Firth, Geoffrey RushShakespeare in Love
46.9%
Susan Sarandon, Sean Penn, Robert Prosky, Lois SmithDead Man Walking
45%
Al Pacino, Chris O'Donnell, James Rebhorn, Gabrielle AnwarScent of a Woman
42.6%
Cast 1990s Movie % Correct
Mark Wahlberg, Burt Reynolds, Julianne Moore, Don CheadleBoogie Nights
41.4%
Jim Carrey, Matthew Broderick, Jack Black, Ben StillerThe Cable Guy
41.2%
Cuba Gooding, Jr., Ice Cube, Laurence Fishburne, Morris ChestnutBoyz n the Hood
38.1%
Ralph Fiennes, Kristin Scott Thomas, Juliette Binoche, Willem DafoeThe English Patient
37.9%
Sean Astin, Jon Favreau, Ned Beatty, Lili TaylorRudy
37.7%
Clint Eastwood, Gene Hackman, Morgan Freeman, Richard HarrisUnforgiven
37.6%
Robert De Niro, Nick Nolte, Jessica Lange, Juliette LewisCape Fear
36.6%
Holly Hunter, Harvey Keitel, Anna Paquin, Sam NeillThe Piano
36.4%
Tobey Maguire, Michael Caine, Charlize Theron, Paul RuddThe Cider House Rules
33.1%
John Travolta, Gene Hackman, Rene Russo, Danny DeVitoGet Shorty
31.8%
Johnny Depp, Martin Landau, Patricia Arquette, Sarah Jessica ParkerEd Wood
27.7%
Winona Ryder, Ethan Hawke, Ben Stiller, Janeane GarofaloReality Bites
24.2%
John Cusack, Minnie Driver, Alan Arkin, Dan AykroydGrosse Pointe Blank
19.4%
John Turturro, John Goodman, Michael Lerner, Judy DavisBarton Fink
12.3%
Kevin Kline, Sigourney Weaver, Joan Allen, Tobey MaguireThe Ice Storm
11.8%

You're not logged in!

Compare scores with friends on all Sporcle quizzes.
Sign Up with Email
OR
Log In

You Might Also Like...

Show Comments

Extras

Top Quizzes Today


Score Distribution

Your Account Isn't Verified!

In order to create a playlist on Sporcle, you need to verify the email address you used during registration. Go to your Sporcle Settings to finish the process.